[Event "4NCL Division 1 & 2"]
[Site "Daventry, ENG"]
[Date "2022.03.27"]
[Round "6.14"]
[White "Suarez Real, Alberto"]
[Black "McPhillips, Joseph"]
[Result "1-0"]
[WhiteElo "2445"]
[BlackElo "2414"]
[PlyCount "104"]
[EventDate "2022.03.27"]
[WhiteTeam "Guildford Young Guns"]
[BlackTeam "Wood Green"]

1. e4 c5 2. Nf3 e6 3. d4 cxd4 4. Nxd4 a6 5. Bd3 Bc5 6. Nb3 Be7 7. O-O d6 8. f4
Qc7 9. Qe2 Nc6 10. Bd2 Nf6 11. c4 Nd7 12. Nc3 Bf6 13. Rae1 b6 14. e5 dxe5 15.
f5 Bb7 16. fxe6 fxe6 17. Qh5+ g6 18. Qh3 Nd8 19. Be4 Qxc4 20. Bxb7 Nxb7 21. Ne4
O-O 22. Bh6 Rf7 23. Nbd2 Qxa2 24. Nf3 Nbc5 25. Nfg5 Bxg5 26. Rxf7 Kxf7 27. Bxg5
Kg8 28. Nxc5 bxc5 29. Bh6 Rb8 30. Rf1 e4 31. Qg3 Qxb2 32. Qc7 Qe5 33. Qa7 Qd6
34. h3 e5 35. Kh2 g5 36. Rf5 Rc8 37. Rxg5+ Kf7 38. Rg7+ Ke6 39. Qb7 Rb8 40.
Qxe4 Rb4 41. Qe3 Nf6 42. Qf2 Qd4 43. Qa2+ Qc4 44. Qa5 Rb1 45. Qc7 Qd4 46. Qf7+
Kf5 47. Rg5+ Ke4 48. Qxf6 Qg1+ 49. Kg3 Qe1+ 50. Kg4 Qe2+ 51. Kh4 Qf2+ 52. Qxf2
Kd5 1-0

[Event "4NCL Division 1 & 2"]
[Site "Daventry, ENG"]
[Date "2022.03.27"]
[Round "6.16"]
[White "Grieve, Harry"]
[Black "Haria, Ravi"]
[Result "1/2-1/2"]
[WhiteElo "2381"]
[BlackElo "2499"]
[PlyCount "103"]
[EventDate "2022.03.27"]
[WhiteTeam "Guildford Young Guns"]
[BlackTeam "Wood Green"]

1. e4 e5 2. Nf3 Nc6 3. Bc4 Bc5 4. c3 Nf6 5. d4 exd4 6. e5 d5 7. Bb5 Ne4 8. cxd4
Bb6 9. Nc3 O-O 10. Be3 Bg4 11. h3 Bh5 12. Qc2 Bg6 13. Qb3 Ne7 14. O-O c6 15.
Bd3 Nf5 16. Qc2 Nxe3 17. fxe3 Ng5 18. Bxg6 hxg6 19. Na4 Ne6 20. Qb3 Rb8 21.
Nxb6 Qxb6 22. Qd3 Rbc8 23. Rfc1 c5 24. dxc5 Rxc5 25. Rxc5 Qxc5 26. Rd1 Rc8 27.
Qb3 Rd8 28. Kh1 b5 29. Nd4 a6 30. Qd3 Qc7 31. Nf3 Qc4 32. b3 Qc7 33. Qd2 Rc8
34. h4 Qc2 35. Kh2 Qxd2 36. Rxd2 Rc5 37. Ne1 a5 38. a3 Rc3 39. Rd3 d4 40. Rxc3
dxc3 41. b4 axb4 42. axb4 Nd8 43. Kg3 Nc6 44. Nc2 Kf8 45. Kf4 Ke7 46. Ke4 Ke6
47. g4 Nxe5 48. Nd4+ Kd6 49. Nxb5+ Kc6 50. Nxc3 Nxg4 51. Kd4 f6 52. Ke4 1/2-1/2

[Event "4NCL Division 1 & 2"]
[Site "Daventry, ENG"]
[Date "2022.03.27"]
[Round "6.17"]
[White "McDonald, Neil"]
[Black "Golding, Alex"]
[Result "1-0"]
[WhiteElo "2408"]
[BlackElo "2313"]
[PlyCount "127"]
[EventDate "2022.03.27"]
[WhiteTeam "Wood Green"]
[BlackTeam "Guildford Young Guns"]

1. e4 e5 2. Nf3 Nc6 3. Bb5 a6 4. Ba4 Nf6 5. d3 b5 6. Bb3 Be7 7. O-O d6 8. a4
Na5 9. axb5 Nxb3 10. cxb3 O-O 11. Nc3 Bb7 12. bxa6 Rxa6 13. Rxa6 Bxa6 14. Re1
c6 15. d4 Nd7 16. Be3 Qa8 17. Qc2 exd4 18. Bxd4 Bb7 19. Be3 Re8 20. Rd1 Bf8 21.
Bf4 d5 22. exd5 cxd5 23. Qf5 Nf6 24. Be5 Be7 25. Bxf6 Bxf6 26. Nxd5 Bxb2 27. h3
g6 28. Qd7 Bxd5 29. Qxd5 Qa7 30. Rd2 Bc3 31. Rc2 Bf6 32. Qc4 Rb8 33. Re2 Qa1+
34. Kh2 Qd1 35. Re3 Qd6+ 36. g3 h5 37. h4 Kg7 38. Ng5 Bxg5 39. hxg5 Rb4 40.
Qc3+ Qd4 41. Kg2 Qxc3 42. Rxc3 Rb5 43. f4 Rb7 44. Kf3 f6 45. gxf6+ Kxf6 46. Ke4
Re7+ 47. Kd3 Rd7+ 48. Kc2 Kf5 49. Rc5+ Ke4 50. Rg5 Rc7+ 51. Kb2 Rc6 52. b4 Kd4
53. b5 Rf6 54. Kb3 h4 55. gxh4 Rxf4 56. Kb4 Rxh4 57. b6 Rh1 58. Kb5 Rb1+ 59.
Kc6 Rc1+ 60. Kd7 Rb1 61. Kc7 Rc1+ 62. Kb8 Ke4 63. b7 Kf4 64. Rxg6 1-0

[Event "4NCL Division 1 & 2"]
[Site "Daventry, ENG"]
[Date "2022.03.27"]
[Round "6.25"]
[White "Sowray, Peter J"]
[Black "Jaracz, Pawel"]
[Result "0-1"]
[WhiteElo "2249"]
[BlackElo "2463"]
[PlyCount "75"]
[EventDate "2022.03.27"]
[WhiteTeam "Barbican 4NCL"]
[BlackTeam "Chess.com Manx Liberty"]

1. d4 Nf6 2. c4 e6 3. Nc3 Bb4 4. a3 Bxc3+ 5. bxc3 O-O 6. f3 d5 7. cxd5 exd5 8.
e3 Nh5 9. Qc2 Re8 10. g4 Nf4 11. h4 c5 12. Kf2 Ne6 13. Bd3 Nf8 14. dxc5 Nbd7
15. c4 Nxc5 16. Bb2 Qe7 17. Re1 dxc4 18. Bxc4 Be6 19. Nh3 Rac8 20. Nf4 Bxc4 21.
Qxc4 Red8 22. Qb4 Nfe6 23. Kg3 Rd6 24. Be5 Rd7 25. Rd1 Rcd8 26. Rxd7 Qxd7 27.
Nxe6 Nxe6 28. Rb1 b6 29. a4 Qd3 30. Qb3 Qe2 31. Qc3 Rd2 32. Qc8+ Nf8 33. Kf4
Rc2 34. Qd8 Qh2+ 35. Ke4 Rc4+ 36. Bd4 Qc2+ 37. Kd5 Rc8 38. Ke5 0-1

[Event "4NCL Division 1 & 2"]
[Site "Daventry, ENG"]
[Date "2022.03.27"]
[Round "6.27"]
[White "French, Max"]
[Black "Kolbus, Dietmar"]
[Result "0-1"]
[WhiteElo "2250"]
[BlackElo "2308"]
[PlyCount "109"]
[EventDate "2022.03.27"]
[WhiteTeam "Barbican 4NCL"]
[BlackTeam "Chess.com Manx Liberty"]

1. d4 d5 2. c4 e6 3. Nc3 Nf6 4. cxd5 exd5 5. Bg5 c6 6. e3 Be7 7. Bd3 Nbd7 8.
Qc2 Nf8 9. Nf3 Ne6 10. Bh4 g6 11. Bg3 Ng7 12. Rb1 Bf5 13. O-O O-O 14. b4 a6 15.
a4 Bxd3 16. Qxd3 b5 17. Rfc1 Rc8 18. e4 dxe4 19. Nxe4 Ne6 20. Be5 Nxe4 21. Qxe4
Qd5 22. Qe3 Rfe8 23. h4 f6 24. Bg3 Bf8 25. Qc3 Red8 26. Rd1 Kf7 27. a5 Bh6 28.
Qc2 Qc4 29. Qe4 Re8 30. Qd3 Qxd3 31. Rxd3 Red8 32. Rdd1 Rd5 33. Rb3 c5 34. bxc5
Rcxc5 35. dxc5 Rxd1+ 36. Kh2 Nxc5 37. Rc3 Bf8 38. Bf4 Ke6 39. Be3 Kd5 40. Nd2
Bd6+ 41. g3 b4 42. Rc2 b3 43. Rb2 Be5 44. Nxb3 Bxb2 45. Nxc5 Ba3 46. Nd7 Be7
47. g4 Kc6 48. Nb6 Kb5 49. Nc8 Bb4 50. h5 Kxa5 51. Kg2 Ka4 52. Kf3 Kb3 53. g5
f5 54. Kf4 a5 55. Ke5 0-1

[Event "4NCL Division 1 & 2"]
[Site "Daventry, ENG"]
[Date "2022.03.27"]
[Round "6.28"]
[White "Terbe, Julianna"]
[Black "Ratnesan, Radha"]
[Result "1-0"]
[WhiteElo "2292"]
[BlackElo "1658"]
[PlyCount "93"]
[EventDate "2022.03.27"]
[WhiteTeam "Chess.com Manx Liberty"]
[BlackTeam "Barbican 4NCL"]

1. Nf3 Nf6 2. g3 e6 3. Bg2 d5 4. O-O Be7 5. d4 O-O 6. c4 c5 7. cxd5 Nxd5 8. e4
Nf6 9. e5 Nd5 10. Nbd2 Nc6 11. dxc5 Bxc5 12. Ne4 Be7 13. Qe2 Qc7 14. Nc3 Nxc3
15. bxc3 b6 16. Nd4 Bb7 17. Nb5 Qc8 18. Bf4 Ba6 19. Rfd1 Bc5 20. a4 Rb8 21. Qg4
Ne7 22. Nxa7 Qc7 23. Nb5 Bxb5 24. axb5 Rfd8 25. Qe2 Rd7 26. g4 Ng6 27. Bg3 h6
28. Be4 Ne7 29. Kg2 Rbd8 30. Rxd7 Qxd7 31. h4 Nd5 32. Rc1 Nc7 33. c4 Qd2 34.
Qf1 Qd4 35. Bf3 Qd7 36. Ra1 Ne8 37. Qe2 Kh7 38. h5 Qc7 39. Bc6 Qe7 40. Kh3 Bb4
41. Bh4 f6 42. Qe4+ Kg8 43. Bxe8 Rxe8 44. exf6 gxf6 45. Qg6+ Kf8 46. Bxf6 Qf7
47. Qxh6+ 1-0

[Event "4NCL Division 1 & 2"]
[Site "Daventry, ENG"]
[Date "2022.03.27"]
[Round "6.32"]
[White "Pert, Richard G"]
[Black "Derakhshani, Borna"]
[Result "1/2-1/2"]
[WhiteElo "2417"]
[BlackElo "2388"]
[PlyCount "87"]
[EventDate "2022.03.27"]
[WhiteTeam "Cheddleton"]
[BlackTeam "Wood Green Youth"]

1. d4 d5 2. c4 c6 3. Nc3 dxc4 4. e3 b5 5. a4 b4 6. Ne4 Qd5 7. Ng3 Nf6 8. Nf3
Ba6 9. Be2 Nbd7 10. O-O e6 11. b3 Be7 12. Nd2 O-O 13. Nxc4 Bxc4 14. Bxc4 Qa5
15. Bb2 Rfd8 16. Qe2 Nb6 17. Rac1 Rac8 18. Ba6 Rc7 19. Rc2 Qd5 20. Bc4 Nxc4 21.
Rxc4 Rdc8 22. Rfc1 Qa5 23. Qf3 Qb6 24. h3 h6 25. Ne4 Nxe4 26. Qxe4 Bf6 27. R1c2
c5 28. Qf4 Rc6 29. dxc5 Rxc5 30. Rxc5 Rxc5 31. Rxc5 Qxc5 32. Bxf6 gxf6 33. Qxf6
Qc1+ 34. Kh2 Qd1 35. Qxh6 Qxb3 36. Qg5+ Kh7 37. Qh5+ Kg8 38. Qg5+ Kh7 39. Qh4+
Kg8 40. Qg3+ Kh7 41. Qh4+ Kg8 42. Qg3+ Kh7 43. Qh4+ Kg8 44. Qg5+ 1/2-1/2

[Event "4NCL Division 1 & 2"]
[Site "Daventry, ENG"]
[Date "2022.03.27"]
[Round "6.33"]
[White "Willow, Jonah B"]
[Black "Kirk, Ezra"]
[Result "0-1"]
[WhiteElo "2370"]
[BlackElo "2440"]
[PlyCount "86"]
[EventDate "2022.03.27"]
[WhiteTeam "Wood Green Youth"]
[BlackTeam "Cheddleton"]

1. e4 e6 2. d4 d5 3. Nd2 h6 4. Ngf3 Nf6 5. Bd3 c5 6. e5 Nfd7 7. c3 Nc6 8. O-O
g5 9. h3 h5 10. Re1 g4 11. Nh2 cxd4 12. cxd4 gxh3 13. Ndf3 Rg8 14. g3 Bb4 15.
Bd2 Be7 16. Bf1 h4 17. g4 Qb6 18. Bc3 f6 19. Bxh3 fxe5 20. dxe5 Nc5 21. Bd4
Nxd4 22. Qxd4 Bd7 23. b4 Ne4 24. Qxb6 axb6 25. a3 Ng5 26. Nxg5 Bxg5 27. Nf3 Bf4
28. Red1 Rc8 29. Rd4 Bc1 30. Rd1 Bb2 31. Ra2 Bc3 32. Re2 Ba4 33. Rc1 Ke7 34.
Ne1 Rgf8 35. Bg2 Rf4 36. Re3 d4 37. Re4 Rxe4 38. Bxe4 Bc6 39. Bd3 Bd2 40. Rd1
Bf4 41. Be2 h3 42. Bf3 Bxf3 43. Nxf3 d3 0-1

[Event "4NCL Division 1 & 2"]
[Site "Daventry, ENG"]
[Date "2022.03.27"]
[Round "6.41"]
[White "Rendle, Thomas E"]
[Black "Jones, Gawain C B"]
[Result "1/2-1/2"]
[WhiteElo "2369"]
[BlackElo "2672"]
[PlyCount "110"]
[EventDate "2022.03.27"]
[WhiteTeam "The Sharks 1"]
[BlackTeam "Chessable White Rose 1"]

1. d4 Nf6 2. c4 d6 3. Nf3 Nbd7 4. Nc3 e5 5. e4 g6 6. g3 a6 7. b3 c6 8. Bg2 b5
9. O-O b4 10. Na4 c5 11. dxe5 dxe5 12. Nxe5 Nxe5 13. Qxd8+ Kxd8 14. f4 Be6 15.
fxe5 Nd7 16. Be3 Rc8 17. a3 a5 18. Rfd1 Ke8 19. axb4 axb4 20. Ra2 Be7 21. h3 g5
22. Kh1 Rg8 23. Rad2 Rg6 24. Rf2 Rg8 25. Rfd2 Rc7 26. Rd6 Kf8 27. Ra6 Kg7 28.
Rd5 Rd8 29. Ra5 Rdc8 30. Ra6 h6 31. Nb2 Bf8 32. Nd3 Re8 33. Bc1 Kg8 34. Bb2 Nb8
35. Ra5 Rcc8 36. Rb5 Nd7 37. Rb7 Re7 38. Rb5 Ra8 39. Nxc5 Nxc5 40. Rdxc5 Ra2
41. Bd4 Re8 42. Rc7 Rd8 43. Rd5 Bxd5 44. exd5 Rd2 45. Bg1 Re8 46. e6 fxe6 47.
dxe6 Rxe6 48. Bd5 Rxd5 49. cxd5 Re1 50. Kg2 Rd1 51. Bc5 Bxc5 52. Rxc5 Rd3 53.
Rb5 Rxb3 54. Rb7 Rd3 55. Rxb4 Rxd5 1/2-1/2

[Event "4NCL Division 1 & 2"]
[Site "Daventry, ENG"]
[Date "2022.03.27"]
[Round "6.42"]
[White "Palliser, Richard J D"]
[Black "Moreby, James"]
[Result "1-0"]
[WhiteElo "2414"]
[BlackElo "2416"]
[PlyCount "89"]
[EventDate "2022.03.27"]
[WhiteTeam "Chessable White Rose 1"]
[BlackTeam "The Sharks 1"]

1. d4 e6 2. c4 Nf6 3. Nc3 Bb4 4. Bd2 O-O 5. e3 b6 6. Bd3 Bb7 7. Nf3 d6 8. Qc2
Nbd7 9. a3 Bxc3 10. Bxc3 Qe7 11. O-O e5 12. e4 Rfe8 13. Rfe1 a5 14. b3 g6 15.
d5 Nh5 16. b4 axb4 17. axb4 Qf8 18. c5 dxc5 19. Bb5 Nhf6 20. Rxa8 Bxa8 21. Qa4
Re7 22. Bxd7 Nxd7 23. Ra1 Bb7 24. Qa7 Qc8 25. bxc5 Nxc5 26. Bb4 f6 27. Rb1 c6
28. Bxc5 bxc5 29. Qxc5 Rd7 30. d6 Qd8 31. h4 Ba6 32. Rd1 Bb5 33. Rd2 Kf7 34.
Qb4 Qe8 35. h5 Qe6 36. Qa3 Qc4 37. Qa8 Qxe4 38. Ra2 Qb1+ 39. Kh2 Qb4 40. Qh8
Qxd6 41. Qxh7+ Ke6 42. Qg8+ Ke7 43. Ra8 Rd8 44. Rxd8 Qxd8 45. Qxd8+ 1-0

[Event "4NCL Division 1 & 2"]
[Site "Daventry, ENG"]
[Date "2022.03.27"]
[Round "6.43"]
[White "Batchelor, Peter J"]
[Black "Adair, James R"]
[Result "1/2-1/2"]
[WhiteElo "2367"]
[BlackElo "2447"]
[PlyCount "88"]
[EventDate "2022.03.27"]
[WhiteTeam "The Sharks 1"]
[BlackTeam "Chessable White Rose 1"]

1. d4 d5 2. c4 c6 3. Nf3 Nf6 4. e3 Bf5 5. Nc3 e6 6. Qb3 Qc7 7. Nh4 Be4 8. f3
Bg6 9. Nxg6 hxg6 10. Bd2 a6 11. g3 Bd6 12. f4 Nbd7 13. Bg2 Rc8 14. e4 dxe4 15.
Nxe4 Nxe4 16. Bxe4 O-O 17. O-O Be7 18. Rad1 Rfd8 19. Be3 b5 20. Bf2 Nb6 21.
cxb5 cxb5 22. h4 Bf6 23. Qf3 Rd7 24. h5 gxh5 25. f5 e5 26. dxe5 Bxe5 27. Kg2
Rxd1 28. Rxd1 Nd7 29. Qxh5 Nf6 30. Qh4 Nxe4 31. Rh1 g5 32. Qxe4 Bxb2 33. Be3
Qc2+ 34. Qxc2 Rxc2+ 35. Kf3 Bf6 36. Kg4 Rxa2 37. Bxg5 Ra4+ 38. Kh5 Bxg5 39.
Kxg5 b4 40. Rh4 a5 41. Kf6 Ra3 42. Rg4+ Kf8 43. Rg7 Ke8 44. Rxf7 Rxg3 1/2-1/2

[Event "4NCL Division 1 & 2"]
[Site "Daventry, ENG"]
[Date "2022.03.27"]
[Round "6.46"]
[White "Camacho Collados, Jose"]
[Black "Holland, James P"]
[Result "0-1"]
[WhiteElo "2403"]
[BlackElo "2373"]
[PlyCount "132"]
[EventDate "2022.03.27"]
[WhiteTeam "Chessable White Rose 1"]
[BlackTeam "The Sharks 1"]

1. Nf3 c5 2. g3 Nc6 3. Bg2 g6 4. c4 Bg7 5. Nc3 d6 6. O-O e6 7. e3 Nge7 8. d4
O-O 9. b3 cxd4 10. Nxd4 Nxd4 11. exd4 Nf5 12. Ne2 Rb8 13. a4 a6 14. Ra2 b5 15.
cxb5 axb5 16. a5 b4 17. d5 e5 18. Bd2 Ba6 19. Re1 Qc7 20. Qc1 Qa7 21. g4 Nh4
22. Bh1 Rbc8 23. Qd1 f5 24. Bxb4 fxg4 25. Ng3 Qd7 26. Re4 Nf3+ 27. Bxf3 gxf3
28. Kh1 Qh3 29. Qg1 Rf4 30. Ra1 Bd3 31. Re3 Rxb4 32. Rxd3 e4 33. Rdd1 Bxa1 34.
Rxa1 Ra8 35. Nf1 Rxb3 36. Qg5 Qg2+ 37. Qxg2 fxg2+ 38. Kxg2 Rb5 39. Ne3 Rbxa5
40. Rb1 Rf8 41. Rb2 Rf4 42. h3 h5 43. Kg3 g5 44. Rd2 Ra3 45. Kg2 Rc3 46. Ra2
Kf7 47. Ra7+ Kf6 48. Rd7 Ke5 49. Rg7 Rxe3 50. fxe3 Rf5 51. Ra7 Kxd5 52. Ra5+
Ke6 53. Ra8 Rf3 54. Re8+ Kd5 55. Rg8 g4 56. h4 Rxe3 57. Rg5+ Kd4 58. Rxh5 Rh3
59. Rh8 d5 60. Ra8 Rxh4 61. Kg3 Rh7 62. Kxg4 Rf7 63. Ra4+ Ke5 64. Kg3 e3 65.
Ra8 d4 66. Ra5+ Ke4 0-1

[Event "4NCL Division 1 & 2"]
[Site "Daventry, ENG"]
[Date "2022.03.27"]
[Round "6.47"]
[White "Dong, Bao Nghia"]
[Black "Chow, Samuel"]
[Result "1/2-1/2"]
[WhiteElo "2330"]
[BlackElo "2392"]
[PlyCount "104"]
[EventDate "2022.03.27"]
[WhiteTeam "The Sharks 1"]
[BlackTeam "Chessable White Rose 1"]

1. c4 Nf6 2. g3 e5 3. Bg2 c6 4. Nc3 d5 5. d4 e4 6. h4 Bb4 7. Nh3 h6 8. Qb3
Bxc3+ 9. bxc3 O-O 10. Nf4 Re8 11. O-O b6 12. a4 Ba6 13. cxd5 cxd5 14. f3 Nc6
15. fxe4 Bc4 16. Qc2 Nxe4 17. Rf3 Nf6 18. Nd3 Qe7 19. Bf1 Ba6 20. Ba3 Bxd3 21.
Qxd3 Qe4 22. Qd1 Qg6 23. Bh3 Ng4 24. Qd3 Qxd3 25. exd3 h5 26. Raf1 f6 27. Bc1
Re2 28. Rf4 Rae8 29. Bg2 Ne7 30. c4 Ne3 31. Bxe3 Rxe3 32. cxd5 Rd8 33. Be4
Rxg3+ 34. Kh2 Rg4 35. Rxg4 hxg4 36. Rf4 Nxd5 37. Rxg4 Ne3 38. Rf4 Nc2 39. d5
Kf7 40. h5 a5 41. Bg6+ Kf8 42. Re4 Nb4 43. d6 Nxd3 44. Re7 Ne5 45. Re6 Nf7 46.
d7 Rxd7 47. Rxb6 Ne5 48. Ra6 Nxg6 49. hxg6 Rd5 50. Ra8+ Ke7 51. Ra7+ Ke6 52.
Rxg7 Rg5 1/2-1/2

[Event "4NCL Division 1 & 2"]
[Site "Daventry, ENG"]
[Date "2022.03.27"]
[Round "6.57"]
[White "Khoury, Theo"]
[Black "Clarke, Connor"]
[Result "1/2-1/2"]
[WhiteElo "2085"]
[BlackElo "2055"]
[PlyCount "128"]
[EventDate "2022.03.27"]
[WhiteTeam "West is Best 1"]
[BlackTeam "Chessable White Rose 2"]

1. e4 Nf6 2. e5 Nd5 3. d4 d6 4. Nf3 dxe5 5. Nxe5 g6 6. Bc4 Be6 7. O-O Nd7 8.
Nd2 Nxe5 9. dxe5 Bg7 10. Re1 c6 11. Nb3 Nf4 12. Bxf4 Bxc4 13. Qxd8+ Rxd8 14.
Na5 Ba6 15. Rad1 O-O 16. c4 Rc8 17. Rd7 Rfd8 18. Red1 Rxd7 19. Rxd7 h6 20. h3
Kf8 21. Nxb7 Bxc4 22. b3 Be6 23. Rd4 Ke8 24. Ra4 Ra8 25. Nc5 Bc8 26. Kf1 e6 27.
Ne4 Bf8 28. Nf6+ Kd8 29. Be3 Kc7 30. Ke2 a5 31. Rd4 a4 32. b4 Ba6+ 33. Kf3 Rd8
34. a3 Rxd4 35. Bxd4 c5 36. Bxc5 Bxc5 37. bxc5 Kc6 38. Ne4 Bd3 39. Ke3 Bf1 40.
g3 Kd5 41. Nc3+ Kxc5 42. Nxa4+ Kd5 43. f4 Bxh3 44. Nb6+ Kc6 45. Nc4 Kd5 46. Na5
g5 47. Nb7 Bf5 48. a4 Bg6 49. a5 Kc6 50. Nd6 g4 51. f5 exf5 52. Kf4 f6 53. Nxf5
fxe5+ 54. Kxe5 Kb5 55. Nxh6 Kxa5 56. Kf6 Bc2 57. Nxg4 Bd1 58. Ne3 Be2 59. Kf5
Kb5 60. Kf4 Kc5 61. Nf5 Kd5 62. Nh4 Ke6 63. Nf3 Bxf3 64. Kxf3 Ke5 1/2-1/2

[Event "4NCL Division 1 & 2"]
[Site "Daventry, ENG"]
[Date "2022.03.27"]
[Round "6.62"]
[White "Berry, Neil"]
[Black "Ansell, Simon T"]
[Result "0-1"]
[WhiteElo "2274"]
[BlackElo "2440"]
[PlyCount "98"]
[EventDate "2022.03.27"]
[WhiteTeam "Alba"]
[BlackTeam "Blackthorne"]

1. d4 d5 2. c4 c6 3. Nc3 dxc4 4. e3 b5 5. a4 b4 6. Ne4 Qd5 7. Nd2 Ba6 8. Qc2 c3
9. bxc3 bxc3 10. Qxc3 Bxf1 11. Kxf1 Nf6 12. Ne2 e6 13. Nf4 Qd8 14. Nd3 Be7 15.
Ba3 O-O 16. Bxe7 Qxe7 17. Qc5 Qb7 18. Qc4 Nbd7 19. Ke2 c5 20. dxc5 Qxg2 21.
Rhg1 Qh3 22. Rg5 Rac8 23. Nf3 h6 24. Nf4 Qxf3+ 25. Kxf3 hxg5 26. Nd3 Rxc5 27.
Qb3 Rd5 28. Kg2 Rb8 29. Qc2 g4 30. Rb1 Rxb1 31. Qxb1 a5 32. Qb3 Ne4 33. Qc4
Ndf6 34. Qc8+ Kh7 35. Qc2 g6 36. Kf1 Kg7 37. Ke2 Rh5 38. Qc7 Nd5 39. Qb8 Ndc3+
40. Kf1 Rf5 41. Qb2 Kh7 42. Qc2 Nd5 43. Kg1 Ng5 44. Kg2 Nf6 45. Qc7 Nfe4 46.
Qb7 Rd5 47. Qa6 Nf3 48. Qb7 Nd6 49. Qb3 Rxd3 0-1

[Event "4NCL Division 1 & 2"]
[Site "Daventry, ENG"]
[Date "2022.03.27"]
[Round "6.63"]
[White "Ledger, Andrew J"]
[Black "Gourlay, Iain"]
[Result "1/2-1/2"]
[WhiteElo "2416"]
[BlackElo "2318"]
[PlyCount "58"]
[EventDate "2022.03.27"]
[WhiteTeam "Blackthorne"]
[BlackTeam "Alba"]

1. d4 d5 2. c4 c6 3. Nf3 Nf6 4. e3 Bf5 5. Nc3 a6 6. Qb3 Ra7 7. Nh4 Bc8 8. Qc2
b5 9. b3 e5 10. dxe5 Ne4 11. Nf3 Bb4 12. Bd2 Nxd2 13. Nxd2 d4 14. exd4 Qxd4 15.
Rc1 Qxe5+ 16. Qe4 Re7 17. Qxe5 Rxe5+ 18. Be2 O-O 19. Nf1 Rfe8 20. Ng3 f5 21. f4
R5e7 22. Kd2 g5 23. Bd3 Bc5 24. Rcf1 Be3+ 25. Kc2 Bxf4 26. Bxf5 Bxf5+ 27. Nxf5
Re5 28. Nh6+ Kg7 29. g3 Kxh6 1/2-1/2

[Event "4NCL Division 1 & 2"]
[Site "Daventry, ENG"]
[Date "2022.03.27"]
[Round "6.64"]
[White "McKay, Roderick M"]
[Black "Bates, Richard A"]
[Result "1-0"]
[WhiteElo "2211"]
[BlackElo "2414"]
[PlyCount "61"]
[EventDate "2022.03.27"]
[WhiteTeam "Alba"]
[BlackTeam "Blackthorne"]

1. e4 c5 2. Nf3 d6 3. d4 cxd4 4. Nxd4 Nf6 5. Nc3 a6 6. Bg5 Nc6 7. Qd2 e6 8.
O-O-O Bd7 9. f3 b5 10. Nxc6 Bxc6 11. Qe1 Be7 12. h4 Qc7 13. Bxf6 Bxf6 14. Nd5
Bxd5 15. exd5 e5 16. g4 O-O 17. g5 Bd8 18. Bd3 g6 19. Kb1 Qc5 20. h5 Ra7 21.
Qh4 Qe3 22. hxg6 fxg6 23. Bxg6 hxg6 24. Rde1 Qc5 25. f4 Ba5 26. Ref1 e4 27. f5
Qd4 28. f6 Kf7 29. Qg4 Kg8 30. Qe6+ Raf7 31. Rh6 1-0

[Event "4NCL Division 1 & 2"]
[Site "Daventry, ENG"]
[Date "2022.03.27"]
[Round "6.65"]
[White "Webb, Laurence E"]
[Black "Morrison, Graham"]
[Result "1-0"]
[WhiteElo "2257"]
[BlackElo "2244"]
[PlyCount "169"]
[EventDate "2022.03.27"]
[WhiteTeam "Blackthorne"]
[BlackTeam "Alba"]

1. b3 e5 2. Bb2 Nc6 3. e3 Nf6 4. Bb5 Bd6 5. Na3 Na5 6. Be2 a6 7. c4 O-O 8. Nc2
Nc6 9. Nf3 Re8 10. d4 exd4 11. Nfxd4 Bf8 12. Nxc6 bxc6 13. O-O c5 14. Bf3 Rb8
15. Re1 Ne4 16. Bxe4 Rxe4 17. f3 Re6 18. e4 a5 19. Bc3 a4 20. bxa4 Ra8 21. Ne3
d6 22. a5 Ba6 23. Qd3 Qe8 24. Nd5 Rc8 25. a4 f6 26. f4 Qf7 27. f5 Ree8 28. Rab1
Rb8 29. Rb5 c6 30. Rxb8 Rxb8 31. Nb6 Re8 32. h3 Kh8 33. Re3 Qc7 34. Qe2 Qf7 35.
Kf2 Kg8 36. g4 Qc7 37. Kg2 Qe7 38. Kf3 Qc7 39. Be1 Qf7 40. Bg3 Rd8 41. Bf4 g5
42. Bg3 h5 43. gxh5 Qxh5+ 44. Kg2 Qxe2+ 45. Rxe2 Kf7 46. Rd2 Be7 47. Kf3 Kg7
48. Rh2 Rh8 49. Ke3 Kf7 50. Kd3 Ke8 51. h4 gxh4 52. Rxh4 Rxh4 53. Bxh4 Bd8 54.
Ke3 Ke7 55. Bg3 Bc7 56. Kf3 Ke8 57. Kg4 Ke7 58. Kh5 Kf7 59. Bf4 Kg7 60. Bg3 Kf7
61. Kh6 Bb7 62. Nd7 Bxa5 63. Bxd6 Ba6 64. e5 Bxc4 65. Nxf6 Bd3 66. Kg5 Bd2+ 67.
Kg4 Be2+ 68. Kg3 Bd3 69. Nd7 Bxf5 70. Nxc5 Be3 71. a5 Bxc5 72. Bxc5 Bd3 73. Kf4
Ke6 74. Ke3 Bf1 75. Kd4 Kd7 76. Bd6 Kc8 77. e6 Bh3 78. e7 Kd7 79. Kc5 Bf1 80.
Kb6 c5 81. Bxc5 Bg2 82. a6 Bd5 83. Ka7 Bc4 84. Kb7 Bd5+ 85. Kb8 1-0

[Event "4NCL Division 1 & 2"]
[Site "Daventry, ENG"]
[Date "2022.03.27"]
[Round "6.68"]
[White "Roy, Ali"]
[Black "Gamal, Alaa"]
[Result "1-0"]
[WhiteElo "1883"]
[BlackElo "1876"]
[PlyCount "83"]
[EventDate "2022.03.27"]
[WhiteTeam "Alba"]
[BlackTeam "Blackthorne"]

1. Nf3 c5 2. g3 g6 3. Bg2 Bg7 4. O-O d5 5. d3 Nf6 6. Nbd2 O-O 7. e4 e6 8. c3 d4
9. cxd4 cxd4 10. a4 Nc6 11. Nc4 h6 12. b3 Re8 13. Ba3 e5 14. Nd6 Re6 15. Nxc8
Rxc8 16. Bh3 Re8 17. Bxc8 Qxc8 18. Nd2 Qh3 19. Qf3 h5 20. Nc4 Re6 21. b4 h4 22.
Qg2 Qg4 23. f3 Qh5 24. g4 Qh7 25. b5 Nd8 26. h3 Ne8 27. f4 exf4 28. Rxf4 b6 29.
Raf1 g5 30. Rf5 Qg6 31. Qh2 Bf8 32. Bxf8 Kxf8 33. Qb8 Ke7 34. Rd5 Nd6 35. Qc7+
Kf8 36. Rxd6 Rxd6 37. Qxd6+ Qxd6 38. Nxd6 Ke7 39. Nf5+ Ke6 40. Nxd4+ Ke5 41.
Nc6+ Nxc6 42. bxc6 1-0

[Event "4NCL Division 1 & 2"]
[Site "Daventry, ENG"]
[Date "2022.03.27"]
[Round "6.82"]
[White "Richardson, John R"]
[Black "Harakis, Alexis M"]
[Result "1/2-1/2"]
[WhiteElo "2272"]
[BlackElo "2272"]
[PlyCount "179"]
[EventDate "2022.03.27"]
[WhiteTeam "The ADs"]
[BlackTeam "KJCA Kings"]

1. d4 d5 2. c4 e6 3. Nc3 Nf6 4. cxd5 exd5 5. Bg5 c6 6. e3 h6 7. Bh4 Be7 8. Bd3
Nbd7 9. Qc2 O-O 10. Nge2 a5 11. f3 b5 12. O-O Bb7 13. Rad1 Re8 14. h3 Rc8 15.
Bf2 b4 16. Na4 c5 17. dxc5 Nxc5 18. Bf5 Ncd7 19. Qd2 Bc6 20. Bc2 Bb5 21. Rfe1
Ne5 22. Nd4 Nc4 23. Qe2 Bd7 24. b3 Bxa4 25. bxa4 Bc5 26. Bb3 Ba7 27. e4 dxe4
28. Bxc4 e3 29. Bg3 Bxd4 30. Bb5 Re6 31. Rd3 Rc3 32. Red1 Rxd3 33. Rxd3 Qb6 34.
Kh1 Nd5 35. Bc4 Nc3 36. Qc2 Rc6 37. Qb3 Rf6 38. Qc2 e2 39. Be1 Qc5 40. Bxc3
Qxc4 41. Qxe2 bxc3 42. Qe8+ Kh7 43. Qe4+ Rg6 44. Qxd4 Qxd4 45. Rxd4 Rc6 46. Rd1
Kg6 47. Kg1 Kf5 48. Kf2 c2 49. Rc1 Rc3 50. Ke2 Kf4 51. Kd2 Rc7 52. Rxc2 Rxc2+
53. Kxc2 Kg3 54. Kd3 Kxg2 55. Kc4 Kxf3 56. Kb5 f5 57. Kxa5 f4 58. Kb6 Kg3 59.
a5 f3 60. a6 f2 61. a7 f1=Q 62. a8=Q Qf6+ 63. Kb5 Qf1+ 64. Kb6 Kxh3 65. a4 g5
66. a5 g4 67. a6 g3 68. Qc8+ Kh2 69. Qg4 Qb1+ 70. Kc7 Qc1+ 71. Kb8 Qb2+ 72. Kc7
Qc2+ 73. Kb8 Qb3+ 74. Kc7 Qf7+ 75. Kb8 Qe8+ 76. Kc7 Qe5+ 77. Kc6 Qc3+ 78. Kb7
g2 79. Qf4+ Kg1 80. a7 Qb2+ 81. Kc8 Qc3+ 82. Kb7 Qb3+ 83. Kc8 Qh3+ 84. Kb7 Qd7+
85. Kb8 Qb5+ 86. Kc7 Qc5+ 87. Kb7 Qb5+ 88. Kc7 Qa6 89. Qe3+ Kh2 90. Qf4+
1/2-1/2

[Event "4NCL Division 1 & 2"]
[Site "Daventry, ENG"]
[Date "2022.03.27"]
[Round "6.91"]
[White "Modi, Shyam Jagdish"]
[Black "Sarakauskas, Gediminas"]
[Result "0-1"]
[WhiteElo "2253"]
[BlackElo "2423"]
[PlyCount "74"]
[EventDate "2022.03.27"]
[WhiteTeam "The Sharks 2"]
[BlackTeam "Gonzaga"]

1. d4 d5 2. c4 c6 3. Nf3 Nf6 4. Qb3 dxc4 5. Qxc4 Bf5 6. g3 e6 7. Bg2 Be7 8. O-O
O-O 9. Nc3 Nbd7 10. Re1 Ne4 11. Bf4 h6 12. Qb3 Qb6 13. Nh4 Bxh4 14. gxh4 Nxc3
15. bxc3 e5 16. dxe5 Rfe8 17. Be3 Qxb3 18. axb3 Nxe5 19. Bxa7 Ng6 20. Bd4 Rxa1
21. Rxa1 Rxe2 22. h3 Nxh4 23. Ra8+ Kh7 24. Ra7 Bc8 25. Ra8 Be6 26. Rb8 Re1+ 27.
Kh2 Nxg2 28. Kxg2 Bxb3 29. Kh2 b5 30. Rd8 Bd5 31. Rd6 g5 32. h4 Rh1+ 33. Kg3
Rxh4 34. Rf6 b4 35. Be5 Re4 36. f4 b3 37. c4 gxf4+ 0-1

[Event "4NCL Division 1 & 2"]
[Site "Daventry, ENG"]
[Date "2022.03.27"]
[Round "6.111"]
[White "Rocco, Federico"]
[Black "Bin-Suhayl, Ieysaa"]
[Result "0-1"]
[WhiteElo "2230"]
[BlackElo "2297"]
[PlyCount "44"]
[EventDate "2022.03.27"]
[WhiteTeam "Barnet Knights A"]
[BlackTeam "Manchester Manticores 1"]

1. e4 e5 2. Nf3 Nc6 3. Bb5 a6 4. Ba4 Nf6 5. O-O Be7 6. Re1 b5 7. Bb3 d6 8. c3
O-O 9. h3 Na5 10. Bc2 c5 11. d4 Qc7 12. Nbd2 cxd4 13. cxd4 Nc6 14. Nb3 a5 15.
Be3 a4 16. Nbd2 Bd7 17. Nf1 a3 18. bxa3 Rxa3 19. Bc1 Rxf3 20. gxf3 Nxd4 21. Bd3
Qc3 22. Rb1 Qxe1 0-1